| 000 | 00489pab a2200169 454500 | ||
|---|---|---|---|
| 008 | 180718b1996 xxu||||| |||| 00| 0 eng d | ||
| 100 | _aSouza, Celina | ||
| 245 | _aRedemocratization and decentralization in Brazil: the strength of the member state | ||
| 260 | _c1996 | ||
| 300 | _ap.529-55 | ||
| 362 | _aJul | ||
| 650 | _aDemocracy - Brazil | ||
| 650 | _aDecentralized government - Brazil | ||
| 650 | _aDecentralized government | ||
| 773 | _aDevelopment and Change | ||
| 909 | _a31912 | ||
| 999 |
_c31912 _d31912 |
||